| 000 | 00531nam a2200181Ia 4500 | ||
|---|---|---|---|
| 008 | 090124s9999 xx 000 0 und d | ||
| 082 | _b32145 | ||
| 100 | _aभालेराव अनंत | ||
| 245 | _a मांदियाऴी | ||
| 250 | _a1 | ||
| 260 |
_bमौज प्रकाशन _c1994 |
||
| 300 | _a183 | ||
| 600 | _aभालेराव अनंत | ||
| 630 | _a मांदियाऴी | ||
| 700 | _aभालेराव अनंत | ||
| 730 | _a मांदियाऴी | ||
| 942 | _cBOOK | ||
| 999 |
_c98172 _d98172 |
||